000 00461nam a2200169 a 4500
001 000048150
005 20201002060943.0
008 181122s1995 dr a 000 0 spa d
020 _a8489548110
040 _aDO-SdBNP
_bspa
_cBNPHU
082 _axxx
_bC118p
100 1 _aCáceres Mendoza, Fran
_974383
245 1 3 _aLa participación ciudadana :.
260 _aSanto Domingo :
_bPUCMM,
_c1995.
300 _a36p. : ;
_c21cm.
590 _aInventariado, 2018/MFF
999 _c47638
_d47638